000 00199 a2200109 4500
020 _a9780786852406
041 _aspa
100 _aAlma Flor Ada
245 _aMama Goose
942 _cBK
952 _71
999 _c22688
_d22688